| 000 | 00428nam a2200133u 4500 | ||
|---|---|---|---|
| 082 |
_a358.20941 _bBIO |
||
| 100 | 1 |
_aThackeray, Edward Talbot, _949737 |
|
| 245 | 0 | 0 | _aBiographical notices of officers of the Royal (Bengal) engineers; |
| 260 |
_aLondon, _bSmith, Elder, & co., _c1900. |
||
| 300 |
_axp., 1 l., 276 p. _bfront., port. _c23 cm. |
||
| 526 |
_a0 _b0 _c0 _d358_209410000000000_BIO |
||
| 650 |
_aMCE _9379 |
||
| 942 |
_2ddc _cBK |
||
| 999 |
_c552511 _d552511 |
||